000 01303nam a2200313 i 4500
001 000035318
003 DO-SdBNP
005 20250519102340.0
007 ta
008 111027s2010 dr 001 0 spa d
020 _a9789945074185
040 _aDO-SdBNP
_bspa
_cBNPHU
_erda
082 _a923.47293
_bA345a, 2010
_222
100 1 _aAlburquerque Zayas-Bazán, Rafael,
_d1908-2004
_9142
_eautor
245 1 0 _aAños imborrables :
_b(episodios autobiográficos) /
_cRafael Alburquerque Zayas-Bazán.
264 1 _aSanto Domingo :
_bArchivo General de la Nación,
_c2010.
300 _a170 páginas
_c23 cm.
336 _2rdacontent
_atexto
_btxt
337 _2rdamedia
_asin mediación
_bn
338 _2rdacarrier
_avolumen
_bnc
490 1 _aArchivo General de la Nación
_v126
504 _aIncluye bibliografía y notas al pie de páginas.
505 0 _tNota preliminar --
_tPresentación --
_tPreámbulo --
_t1930 --
_t1937 --
_t1946 --
_t1946 --
_t1947 --
_t1950 --
_t1952 --
_t1958 --
_t1960 --
_t1961.
590 _aInventariado, 2024/ YL
651 4 _aRepública Dominicana
_xHistoria
_xEra De Trujillo, 1930-1961
_961090
_vRelatos Personales
651 4 _aRepública Dominicana
_xPolítica Y Gobierno
_yERA DE TRUJILLO, 1930-1961
_91374
910 _aValidado. Control de calidad EMS.
942 _2ddc
_cLBS1
999 _c34809
_d34809